书目信息 |
| 题名: |
信息系统开发案例第一辑
|
|
| 作者: | 张基温 , 王一平 主编 | |
| 分册: | ||
| 出版信息: | 北京 清华大学出版社 1999.05 |
|
| 页数: | 143页 | |
| 开本: | 16开 | |
| 丛书名: | ||
| 单 册: | ||
| 中图分类: | F270.7 | |
| 科图分类: | ||
| 主题词: | 企业经济 | |
| 电子资源: | ||
| ISBN: | 7-302-03418-4 | |
| 000 | 00620nam0 2200205 45 | |
| 001 | 0011211812 | |
| 005 | 20001121183713.1 | |
| 010 | @a7-302-03418-4@d11.50元 | |
| 100 | @a20001121d1999 km y0chiy0120 ea | |
| 101 | 0 | @achi |
| 105 | @a z 000yy | |
| 200 | 1 | @a信息系统开发案例第一辑@AXin Xi Xi Tong Kai Fa An Li Di Yi Ji@f张基温,王一平主编@FZhang Ji Wen,Wang Yi Ping Zhu Bian |
| 210 | @a北京@c清华大学出版社@d1999.05 | |
| 215 | @a143页@d16开 | |
| 606 | 0 | @a企业经济 |
| 690 | @aF270.7@v3 | |
| 701 | 0 | @a张基温@4主编 |
| 701 | 0 | @a王一平@4主编 |
| 801 | @aCN@bPftUser@c20001121 | |
| 905 | @b419478-482@dF270.7@eZH863:1@f5 | |
| 信息系统开发案例第一辑/张基温,王一平主编.-北京:清华大学出版社,1999.05 |
| 143页;16开 |
| ISBN 7-302-03418-4:11.50元 |
| ● |
| 相关链接 |
|
|
|
正题名:信息系统开发案例第一辑
索取号:F270.7/ZH863:1
 
预约/预借
| 序号 | 登录号 | 条形码 | 馆藏地/架位号 | 状态 | 备注 |
| 1 | 419478 | 204194781 | 社科库409/409社科库 86排4列4层/ [索取号:F270.7/ZH863:1] | 在馆 | |
| 2 | 419479 | 204194790 | 社科二线422/422社科库 26排22列1层/ [索取号:F270.7/ZH863:1] | 在馆 | |
| 3 | 419480 | 204194807 | 社科二线422/422社科库 26排22列1层/ [索取号:F270.7/ZH863:1] | 在馆 | |
| 4 | 419481 | 204194816 | 社科二线422/422社科库 26排22列1层/ [索取号:F270.7/ZH863:1] | 在馆 | |
| 5 | 419482 | 204194825 | 社科二线422/422社科库 26排22列1层/ [索取号:F270.7/ZH863:1] | 在馆 |